| 000 | 00516cam a22001217a 4500 | ||
|---|---|---|---|
| 008 | 180718b-- xxu||||| |||| 00| 0 eng d | ||
| 082 | _aT20651x54 St29 | ||
| 245 |
_aStatistics on industrial disputes, closures, retrenchments and lay-offs in India _cby Labour Bureau. Ministry of Labour and Employment |
||
| 260 |
_aShimla _bLabour Bureau, Ministry of Labour and Employment _c-- |
||
| 500 | _aLibrary has 2005 | ||
| 650 | _aIndustry - Statistics - India | ||
| 700 | _aIndia. Ministry of Labour and Employment. Labour Bureau | ||
| 999 |
_c488296 _d488296 |
||